00590nam a2200193 a 450000100060000000300080000600500170001400800410003103500190007204000320009104100080012308200250013110000290015624500880018526000520027330000290032550400200035465000220037443894BD-RjUL20211209053752.0160628s1959 enkab b 000 0 eng  a(BD-RjUL)44012 aDLCcOrPSdUkdBD-RjULbeng aeng 223a333.76bCHE 19591 aChristodoulou, Demetrios14aThe evolution of the rural land use pattern in Cyprus /cby Demetrios Christodoulou aBude, Eng. :bGeographical Publications,c1959. a230 p. :bill. ;c28 cm. aIncludes index. 0aLand usezCyprus.